000 00960nam a22002537a 4500
005 20111121164649.0
010 _aB-444726
020 _a9780791070031
_c295.00
020 _a5384907003
035 _aB-444726
037 _aBlue Berry/Ven
_bDPL
082 4 _a796.9
100 _aHerran, Joe
_937811
245 0 0 _aSnow Boarding /
_cby Joe Herran and Ron Thomas
260 _aChelsea House Publishers
_c2004
270 _a1974 Sproul Road, Suite 400
_bBroomall
_ePA 19008-914
300 _a32p.
_bcol.ill
_c29cm.
490 _aAction Sports
_937812
710 _aThomas, Ron
_935967
942 _2ddc
_cCH
_h796.9
_mHER
999 _c58581
_d58581